| 000 | 03161cam a22012374i 4500 | ||
|---|---|---|---|
| 003 | PE-LiUPU | ||
| 005 | 20250813185539.0 | ||
| 008 | 150625s r 000 0 d | ||
| 020 | _a9789972205477 | ||
| 020 | _a9972205479 | ||
| 035 | _a(Sirsi) i9789972205477 | ||
| 040 |
_aPE-LiUPU _bspa _cPE-LiUPU _erda |
||
| 049 | _aPRUA | ||
| 082 | 0 | 4 |
_a371.782 _bO52c _223 |
| 100 | 1 |
_aOlweus, Dan, _eautor. _d1931- |
|
| 245 | 1 | 0 |
_aConductas de acoso y amenaza entre escolares / _cDan Olweus, traducido por Roc Filella. |
| 250 | _aTercera edición. | ||
| 264 | 1 |
_aMadrid : _bMorata, _c2006. |
|
| 300 |
_a166 páginas : _bilustraciones ; _c21 centímetros. |
||
| 336 |
_atext _2rdacontent |
||
| 337 |
_aunmediated _2rdamedia |
||
| 338 |
_avolume _2rdacarrier |
||
| 490 | 0 | _aPedagogía. La Pedagogía hoy | |
| 504 | _aIncluye referencias bibliográficas. | ||
| 505 | 0 | _aQué sabemos sobre las amenazas y el acoso entre escolares -- Qué sabemos de las amenazas y el acoso entre escolares -- Guía para la identificación de posibles víctimas y agresores -- Qué podemos hacer con el acoso y las amenazas entre escolares -- Medidas para aplicar en la escuela -- Medidas para aplicar en el aula -- Medidas individuales -- Efectos del programa de intervención -- Otros consejos prácticos y un programa básico. | |
| 526 | _aP202 | ||
| 526 | _aP201 | ||
| 526 | _aP163 | ||
| 526 | _aP162 | ||
| 526 | _aP161 | ||
| 526 | _aP160 | ||
| 526 | _aP148 | ||
| 526 | _aP147 | ||
| 526 | _aP146 | ||
| 526 | _aP145 | ||
| 526 | _aP144 | ||
| 526 | _aP143 | ||
| 526 | _aP142 | ||
| 526 | _aP141 | ||
| 526 | _aP140 | ||
| 526 | _aP139 | ||
| 526 | _aP138 | ||
| 526 | _aP137 | ||
| 526 | _aP136 | ||
| 526 | _aP135 | ||
| 526 | _aP134 | ||
| 526 | _aP133 | ||
| 526 | _aP129 | ||
| 526 | _aP128 | ||
| 526 | _aP127 | ||
| 526 | _aP120 | ||
| 526 | _aP119 | ||
| 526 | _aP118 | ||
| 526 | _aP116 | ||
| 526 | _aP115 | ||
| 526 | _aP114 | ||
| 526 | _aP110 | ||
| 526 | _aP109 | ||
| 526 | _aP108 | ||
| 526 | _aP104 | ||
| 526 | _aP103 | ||
| 526 | _aP102 | ||
| 526 | _aP99 | ||
| 526 | _aP98 | ||
| 526 | _aP97 | ||
| 526 | _aP96 | ||
| 526 | _aP95 | ||
| 526 | _aP93 | ||
| 526 | _aP90 | ||
| 526 | _aP89 | ||
| 526 | _aP88 | ||
| 526 | _aP83 | ||
| 526 | _aP82 | ||
| 526 | _aP62 | ||
| 526 | _aP59 | ||
| 526 | _aP58 | ||
| 526 | _aP57 | ||
| 526 | _aP51 | ||
| 526 | _aP49 | ||
| 526 | _aP48 | ||
| 526 | _aP47 | ||
| 526 | _aP29 | ||
| 526 | _aP24 | ||
| 526 | _aP20 | ||
| 526 | _aP19 | ||
| 526 | _aP17 | ||
| 526 | _aP15 | ||
| 526 | _aP14 | ||
| 526 | _aP12 | ||
| 526 | _aP10 | ||
| 526 | _aP09 | ||
| 526 | _aP08 | ||
| 526 | _aP07 | ||
| 526 | _aP06 | ||
| 526 | _aP05 | ||
| 526 | _aP04 | ||
| 526 | _aP01 | ||
| 650 | 0 | 4 | _aAcoso moral en la escuela. |
| 650 | 0 | 4 | _aAgresividad en niños. |
| 650 | 0 | 4 | _aDisciplina escolar. |
| 700 |
_aFilella, Roc _etraductor _91040 |
||
| 942 |
_2ddc _cBK |
||
| 999 |
_c47870 _d47870 |
||
| 980 |
_81 _gALBERTO SANCHEZ Responsable de Automatización |
||